Statistiques concernant Voyage à travers les départements français #2

Cliquez ici pour prendre le quiz!

Statistiques générales

  • Ce quiz a été pris 68 fois
  • Le résultat moyen est 7 sur 10

Statistiques - réponses

IndiceDépartements% Correct
Le 13Bouches du Rhône
99%
Lieu du pont du (nom du département), construction romaineGard
93%
Des fans de rugby y chantent la Peña BaionaPyrénées Atlantiques
79%
Mon nom est un fromageCantal
78%
Un de ses stades est Chaban-DelmasGironde
78%
Ma préfecture est Mont-de-MarsanLandes
74%
Pas traversé par la rivière qui porte mon nomVar
72%
Département le moins peupléLozère
69%
Unité de quantité en anglaisLot
34%
Lieu de naissance de Kendji GiracDordogne
32%

Distribution des résultats

Percentile par nombre de réponses

% des personnes avec chaque résultat

Votre développement - résultats

Vous n’avez pas pris ce quiz